000 00799nam a2200229Ii 4500
003 JO-AjNU
008 230605s9999||||xx |||||||||||||| ||und||
017 _a2002/4/1061
020 _a9957-414-41-0
040 _aJO-AjNU
_bara
_erda
_cJO-AjNU
041 _aara
050 1 4 _aQA76 2002
100 3 _aابو الهيجاء، هيثم/ م. مشارك نجوى اللحام,
_eauthor
_936063
245 0 0 _aاسئلة مقترحة لامتحان الشامل في مادة مهارات الحاسوب
250 _aط1
264 3 1 _aعمان:دار البركة ، 2002
300 _a132ص
336 _atext
_btxt
_2rdacontent
337 _aunmediated
_bn
_2rdamedia
338 _avolume
_bnc
_2rdacarrier
650 4 _aالحواسيب- علم الحاسوب - برامج الحاسوب
_936064
999 _aA14949
_c18517
_d18517